00523nam a2200181 a 450000100060000000300080000600500170001400800410003103500190007204000220009104100080011308200250012110000160014624500710016226000660023330000220029965000200032182518BD-RjUL20231221135426.0180717s1978 sy 000 0 ara d a(BD-RjUL)82518 aTAUbengcBD-RjUL0 aara 223a892.75bABM 1978 aAbdul Gafur12aا المحرم :Muharram /b cعبد الغفور ;; abdul Gafur a[دمشق] :b[لم يذكر اسم الناشر]،c١٩٧٨ a572 p.; صc23 cm aArabicxGrammar